| 000 | 01261nam a2200301 i 4500 | ||
|---|---|---|---|
| 001 | 179869 | ||
| 003 | ES-MaACL | ||
| 005 | 20250821111428.0 | ||
| 008 | 120215s2011 sp aco |||| |bspa d | ||
| 020 |
_a978-84-933509-9-4 _z978-84-93350-99-0 |
||
| 080 | _a929 Ruiz Huidobro, Luis | ||
| 100 | 1 |
_aMoral, Ada del. _9149371 |
|
| 245 | 1 | 0 |
_aNoches de "Casablanca" _b: una historia republicana / _cAda del Moral ; [prólogo, Stanley G. Payne]. |
| 246 | 3 |
_iSubtít. de cub.: _aVida, pasión y exilio de Luis Ruiz Huidobro, "ministro" de la Junta de Defensa de Madrid del general Miaja |
|
| 260 |
_aMadrid : _bSaber y Comunicación, _c[2011] |
||
| 300 |
_a126 p., [16] p. de lám. fot. ; _c23 cm. |
||
| 490 | 1 | _aLeer/Testimonio | |
| 505 | 8 | _aContiene: De Ada del Moral / Javier Huerta . Una familia republicana / José Luis Gutiérrez (editor) | |
| 600 | 1 | 7 |
_aRuiz Huidobro, Luis, _d1897-1950 _2 _9149372 |
| 700 | 1 |
_aPayne, Stanley G. _989729 |
|
| 700 | 1 |
_aHuerta Calvo, Javier _964560 |
|
| 700 | 1 |
_aGutiérrez Suárez, José Luis _961063 |
|
| 830 | 1 |
_aLeer/Testimonio _9224554 |
|
| 852 |
_aES-MaACL _9186770 _bR.146755 _jA-11969 _dOlim: N-4974 _cDEPO1 |
||
| 942 |
_2udc _cMONOGRAFIA |
||
| 999 |
_c179869 _d179869 |
||